000 00466nam a22001812 4500
001 0000005566
005 20151217160107.0
008 070619s xx 000 0 eng d
040 _aKABU
_cKABU
050 0 _aPZ7
_b.M3W492
100 1 _aMbure, Sam.
_@0000156757
245 1 0 _aWhy slugs like it cool.
260 _aNairobi :
_bPhoenix,
_c2002.
300 _a52 p.
908 _a070619
950 _@1
999 _c14134
_d14134